|
|
|
|
| LEADER |
00000nab a2200000 ar4500 |
| 001 |
vtls008625806 |
| 003 |
SK-MaSNL |
| 005 |
20260303071903.0 |
| 008 |
060224c20060127xo dr|p|||||||000 b|slo |
| 015 |
|
|
|a SNBRB2006/02
|2 snkbucl
|
| 038 |
|
|
|a SNKBUCL
|
| 040 |
|
|
|a SNKBUCL
|b slo
|c SNKBUCL
|e AACR2
|
| 041 |
0 |
|
|a slo
|
| 044 |
|
|
|a xo
|c SK
|
| 080 |
|
|
|a 796.322.093.1(4)
|2 UDC-MRF-SK2
|
| 100 |
1 |
|
|a Simonides, Zdeno
|4 aut
|9 267849
|
| 245 |
1 |
0 |
|a Výborný Štochl, obrana ako-tak, no ten útok-
|b základná B-skupina (Bazilej) - 1. hrací deň: Slovensko - Francúzsko 21:35 (9:19)
|c Zdeno Simonides
|
| 300 |
|
|
|b Fotogr.
|
| 611 |
2 |
7 |
|a Majstrovstvá Európy v hádzanej mužov
|d (2006 :
|c Bazilej, Švajčiarsko)
|2 snkbucl
|9 1071147
|
| 650 |
0 |
7 |
|a hádzaná
|2 snkbucl
|9 3292
|
| 650 |
0 |
7 |
|a muži
|2 snkbucl
|9 4888
|
| 773 |
0 |
|
|t Šport
|g Roč. 60, č. 22 (27.1.2006), s. 33
|x 0139-7001
|
| 852 |
|
|
|a SNK
|b KIS3GCP
|
| 999 |
|
|
|c 1761835
|d 1763765
|